000 03112cam a22005654i 4500
003 PE-LiUPU
005 20250731173144.0
008 150706s2003 ag a rb 000 0 spa d
020 _a950573980X
035 _a(Sirsi) i9789505739806
040 _aPE-LiUPU
_bspa
_cPE-LiUPU
_erda
049 _aPRUA
050 1 _aBV652.25
_b.R63
082 0 4 _a262.1
_bR74
_221
100 1 _aRode, Daniel Julio,
_eautor.
245 1 0 _aCrecimiento :
_bclaves para revolucionar su iglesia /
_cDaniel Julio Rode y Isabel Rode.
264 1 _aBuenos Aires, Argentina :
_bAsociación Casa Editora Sudamericana,
_c2003.
300 _a160 páginas :
_bilustraciones ;
_c21 centímetros
336 _atext
_2rdacontent
337 _aunmediated
_2rdamedia
338 _avolume
_2rdacarrier
504 _aIncluye bibliografía al final de cada capítulo.
505 0 _aLiderazgo visionarios, servicial y capacitador -- Ministerios según dones y necesidades -- Espiritualidad contagiosa -- Prioridades en el orden bíblico -- Estructuras funcionales. Culto inspirador -- Células integradoras -- Relaciones afectivas cariñosas -- Valorización de todos los grupos humanos -- Metología efectiva en hacer discípulos -- Conciencia de fundar iglesias y ministerios.
526 _aSEG42
526 _aSEG41
526 _aSEG40
526 _aSEG39
526 _aP94
526 _aP87
526 _aP86
526 _aP85
526 _aP77
526 _aP76
526 _aP35
541 _g0012-00000258;
_CW63528.
650 0 4 _aCrecimiento de la iglesia.
700 1 _aRode, Isabel,
_eautor.
910 _bgl
_cop
_d20040608
942 _2ddc
_cBOOK
949 _a254.1 R74R
_wDEWEY
_c1
_i56190
_f2017-2-14
_g1
_lCCODEBUL1
_mBUL
_r0
_sY
_tBOOK
_u2015-6-25
_xTEOLOGIA
_PP35
_0COMPRA
_o.STAFF. Colección General
949 _aBV652.25 .R63 2003
_wDEWEY
_c1
_CW63528
_lCIA
_mBWL
_p7.00
_r1
_sY
_tBOOK
_u2015-7-6
_xWHITE
_zUNKNOWN
_o.STAFF. Colección General
949 _a254.5 R74C
_wDEWEY
_c1
_i53134
_d2015-12-9
_e2015-12-2
_f2017-2-14
_g1
_lCCODEBUL1
_mBUL
_n6
_p6.00
_r0
_sY
_tBOOK
_u2015-6-24
_xTEOLOGIA
_PP35
_0COMPRA
_o.STAFF. Colección General
949 _a254.5 R74C
_wDEWEY
_c2
_i53133
_f2017-2-14
_g1
_lCCODEBUL1
_mBUL
_p6.00
_r0
_sY
_tBOOK
_u2015-6-24
_xTEOLOGIA
_PP35
_0COMPRA
_o.STAFF. Colección General
994 _aC0
_bPEPRU
596 _a1 4
999 _a254.5 R74C
_wDEWEY
_c34935
_i53134
_d34935
_e2019-8-8
_f2021-11-10
_g5
_lCCODEBUL1
_mBUL
_n8
_p6.00
_q2
_r0
_sY
_tBOOK
_u2015-6-24
_xTEOLOGIA
_PP35
_0COMPRA
_o.STAFF. Colección Teología
999 _a254.5 R74C
_wDEWEY
_c2
_i53133
_d2018-9-18
_e2018-4-27
_f2021-11-10
_g5
_lCCODEBUL1
_mBUL
_n1
_p6.00
_q2
_r0
_sY
_tBOOK
_u2015-6-24
_xTEOLOGIA
_PP35
_0COMPRA
_o.STAFF. Colección Teología
999 _a254.1 R74R
_wDEWEY
_c1
_i56190
_d2019-1-22
_e2018-6-14
_f2019-12-10
_g4
_lDISCARD
_mBUL
_n19
_q1
_r1
_sY
_tBOOK
_u2015-6-25
_xUNKNOWN
_PP35
_0COMPRA
_o.STAFF. Colección General
999 _a262.1 R74R
_wDEWEY
_c1
_iCW63528
_f2021-12-22
_g2
_lCCODECWL1
_mBWL
_p7.00
_r0
_sY
_tBOOK
_u2015-7-6
_xWHITE
_zUNKNOWN
_o.STAFF. Colección General
980 _81
_gALBERTO SANCHEZ Responsable de Automatización